| 000 | 01405nam0a22003131 4500 | ||
|---|---|---|---|
| 001 | rc\4519610 | ||
| 005 | 20130416180515.7 | ||
| 021 |
_aRU _b[59-31500] |
||
| 035 | _a(NLR Aleph) 008624337 | ||
| 090 |
_a8843026 _c8843026 |
||
| 100 | _a20130416d1959 |||y0rusy50 ca | ||
| 101 | 0 | _arus | |
| 102 | _aRU | ||
| 105 | _aa z ||||| | ||
| 200 | 1 |
_aПроизводство пористого шлака на шлаковспенивающих машинах ЮжНИИ-2 и применение его в строительстве _fАкад. строительства и архитектуры СССР. Науч.-исслед. ин-т организации, механизации и техн. помощи строительству. БТИ |
|
| 210 |
_aМосква _cБ. и. _d1959 |
||
| 215 |
_a55 с. _cил. _d22 |
||
| 300 | _aАвт. указаны на обороте тит. л.: И.И. Кечеджи, М.Д. Тамарин, М.К. Целуйко | ||
| 606 |
_aЩебень шлаковый _xПроизводство _2psbo |
||
| 606 |
_aТермозит _xПроизводство _2psbo |
||
| 606 |
_aБетон легкий _xЗаполнители _2psbo |
||
| 700 | 1 |
_aКечеджи _bИ. И. |
|
| 701 | 1 |
_aЦелуйко _bМ. К. |
|
| 701 | 1 |
_aТамарин _bМ. Д. |
|
| 801 | 0 |
_aRU _bNLR _gpsbo |
|
| 801 | 1 |
_aRU _bELAR _2rusmarc |
|
| 852 |
_aNLR _j59-6/5014 |
||
| 942 | _cBOOK | ||
| 980 | _aNB | ||